Famous Dynasties - Statistics

General Stats
  • This quiz has been taken 448 times
  • The average score is 11 of 20
Answer Stats
Clue Dynasty % Correct
Elizabeth II belongs to this dynasty Windsor
90%
House of Henry VII, Henry VIII, Edward VI, Mary I and Elizabeth I Tudor
89%
Longest reining dynasty of Austria Habsburg
83%
Dynasty that overthrew the above Ming
75%
The last imperial dynasty of China Qing
72%
Royal house of Peter the Great Romanov
69%
House of Victoria and George III Hanover
68%
Reigning royal house of Spain Bourbon
64%
Royal family of France after its revolution Bonaparte
63%
Most famous dynasty of the Netherlands Orange-Nassau
63%
Dynasty of Saudi Arabia Saud
61%
Imperial family deposed from power during the Turkish War of Independence Ottoman
46%
Established by Kublai Khan Yuan
45%
Chinese dynasty that invented the compass, banknotes and gunpowder Song
42%
Last imperial dynasty of Iran Pahlavi
37%
Dynasty of the first five Roman emperors Julio-Claudian
35%
Last non-Muslim Persian dynasty Sasan
29%
Dynasty that ruled over Korea from 1392 until 1897 Joseon
27%
Jordanian royal house that once ruled over Syria, Hejaz and Iraq Hashemites
24%
Name for the imperial house of Japan Yamato
17%
No matching quizzes found
Score Distribution
Percent of People with Each Score
Percentile by Number Answered
Your Score History
You have not taken this quiz